[Event "USA-ch U16"]
[Site "Manchester"]
[Date "2017.08.21"]
[Round "9"]
[White "Nguyen, Trung"]
[Black "Li, Ben"]
[Result "1/2-1/2"]
[WhiteElo "2181"]
[BlackElo "2305"]
[PlyCount "44"]
[EventDate "2017.08.17"]
[EventType "tourn"]
[EventRounds "9"]
[EventCountry "USA"]
[SourceTitle "CBM 180 Extra"]
[Source "ChessBase"]
[SourceDate "2017.10.06"]
[SourceVersion "1"]
[SourceVersionDate "2017.10.06"]
[SourceQuality "1"]

1. d4 d5 2. Nf3 Nf6 3. g3 c5 4. c4 cxd4 5. Bg2 Qa5+ 6. Bd2 Qb6 7. Qc2 Nc6 8. 0-0 e6 9. Bg5 Ne4 10. cxd5 exd5 11. Nbd2 Nb4 12. Qb1 Nxg5 13. Nxg5 Be7 14. Ngf3 0-0 15. Nb3 d3 16. exd3 Bf5 17. Rd1 Bf6 18. a3 Nc2 19. Qxc2 Rac8 20. Qd2 Qxb3 21. Qf4 Bxd3 22. Ne5 Bc2 1/2-1/2

[Event "USA-ch U16"]
[Site "Manchester"]
[Date "2017.08.20"]
[Round "6"]
[White "Huang, Andy"]
[Black "Nguyen, Trung"]
[Result "0-1"]
[WhiteElo "2178"]
[BlackElo "2181"]
[PlyCount "66"]
[EventDate "2017.08.17"]
[EventType "tourn"]
[EventRounds "9"]
[EventCountry "USA"]
[SourceTitle "CBM 180 Extra"]
[Source "ChessBase"]
[SourceDate "2017.10.06"]
[SourceVersion "1"]
[SourceVersionDate "2017.10.06"]
[SourceQuality "1"]

1. e4 g6 2. d4 Bg7 3. Nc3 d6 4. Be3 a6 5. Qd2 Nd7 6. 0-0-0 b5 7. h4 Ngf6 8. f3 Bb7 9. g4 h6 10. a3 Nb6 11. Nh3 Nfd7 12. f4 c5 13. Qf2 b4 14. axb4 cxb4 15. Na2 Bxe4 16. Bg2 Bxg2 17. Qxg2 a5 18. f5 gxf5 19. gxf5 Bf6 20. Nf4 Qc7 21. Kb1 Rb8 22. Qe2 Qc4 23. Rd3 Nd5 24. b3 Nxf4 25. Bxf4 Qd5 26. Rg1 Kd8 27. Rf1 Bxh4 28. Rdd1 Bf6 29. Rh1 a4 30. Nc1 axb3 31. Nxb3 Nb6 32. Bxh6 Na4 33. Bd2 Rxh1 0-1

[Event "USA-ch U16"]
[Site "Manchester"]
[Date "2017.08.20"]
[Round "7"]
[White "Nguyen, Trung"]
[Black "Kim, Yoon Young"]
[Result "1/2-1/2"]
[WhiteElo "2181"]
[BlackElo "2293"]
[PlyCount "214"]
[EventDate "2017.08.17"]
[EventType "tourn"]
[EventRounds "9"]
[EventCountry "USA"]
[SourceTitle "CBM 180 Extra"]
[Source "ChessBase"]
[SourceDate "2017.10.06"]
[SourceVersion "1"]
[SourceVersionDate "2017.10.06"]
[SourceQuality "1"]

1. d4 d5 2. c4 c6 3. cxd5 cxd5 4. Nc3 Nf6 5. Nf3 Nc6 6. Ne5 e6 7. Nxc6 bxc6 8. g3 c5 9. Bg2 Be7 10. 0-0 0-0 11. dxc5 Bxc5 12. Na4 Be7 13. Be3 Bd7 14. Rc1 Qa5 15. Nc3 Rac8 16. Qd2 Qa6 17. h3 Rfd8 18. Rfd1 Bc6 19. Qd4 Rd7 20. g4 Ne8 21. Bf4 Nd6 22. b3 f6 23. Bg3 Nf7 24. Na4 e5 25. Qd3 Qa5 26. Rc2 Rdd8 27. Rdc1 Bb5 28. Qf5 Bd7 29. Qd3 Rxc2 30. Rxc2 Bxa4 31. bxa4 Qxa4 32. Rc7 Kf8 33. Qxh7 Qxa2 34. g5 Qa1+ 35. Kh2 fxg5 36. Bf3 e4 37. Bh5 Qf6 38. Rxa7 Nh6 39. Qg6 Qxg6 40. Bxg6 Bd6 41. Ra6 Ke7 42. e3 Bxg3+ 43. Kxg3 Rd6 44. Rxd6 Kxd6 45. Be8 Ke5 46. Bd7 Ng8 47. Bc6 Nf6 48. Bb7 Kd6 49. Bc8 Kc5 50. Bb7 Kc4 51. Ba6+ Kc3 52. Bb7 Kd2 53. Bc6 Ke1 54. Kg2 Kd2 55. Kg3 Ke2 56. Kg2 Kd3 57. Kg3 d4 58. exd4 Kxd4 59. Bb7 Ke5 60. Bc6 Kf5 61. Bb5 Nh5+ 62. Kg2 Kf4 63. Be8 Nf6 64. Bc6 Ng8 65. Bd7 Ne7 66. Be6 Ng6 67. Bd7 Nh4+ 68. Kf1 Nf3 69. Kg2 Ne5 70. Bc8 g4 71. hxg4 Nxg4 72. Bb7 Ne5 73. Bd5 Ng6 74. Bb7 Nh4+ 75. Kf1 Kf3 76. Ba6 Nf5 77. Be2+ Kf4 78. Kg2 Nd4 79. Bc4 Nc2 80. Bb5 Ne1+ 81. Kf1 Nd3 82. Kg2 Kg4 83. Bd7+ Kf4 84. Bb5 g5 85. Bc6 Ne5 86. Bb5 Kg4 87. Be2+ Kh4 88. Bd1 Nd3 89. Bb3 Nf4+ 90. Kf1 Kg4 91. Bc2 Nd3 92. Ba4 Kf3 93. Bd1+ Kf4 94. Kg2 g4 95. Ba4 Ne1+ 96. Kf1 Nf3 97. Kg2 Nh4+ 98. Kf1 Nf5 99. Kg2 e3 100. fxe3+ Nxe3+ 101. Kg1 g3 102. Bc6 Ng4 103. Kg2 Ne3+ 104. Kg1 Kg4 105. Bd7+ Kf3 106. Bc6+ Ke2 107. Bb5+ Ke1 1/2-1/2

[Event "USA-ch U16"]
[Site "Manchester"]
[Date "2017.08.19"]
[Round "5"]
[White "Titus, Andrew L"]
[Black "Nguyen, Trung"]
[Result "0-1"]
[WhiteElo "2131"]
[BlackElo "2181"]
[PlyCount "104"]
[EventDate "2017.08.17"]
[EventType "tourn"]
[EventRounds "9"]
[EventCountry "USA"]
[SourceTitle "CBM 180 Extra"]
[Source "ChessBase"]
[SourceDate "2017.10.06"]
[SourceVersion "1"]
[SourceVersionDate "2017.10.06"]
[SourceQuality "1"]

1. e4 g6 2. d4 Bg7 3. Nc3 d6 4. Nf3 a6 5. Be2 b5 6. a4 b4 7. Nd5 a5 8. c3 e6 9. Nf4 bxc3 10. bxc3 Bb7 11. Qc2 Nf6 12. Bd3 0-0 13. 0-0 Nbd7 14. Ba3 Re8 15. Rfd1 e5 16. dxe5 Nxe5 17. Nxe5 Rxe5 18. f3 Nd7 19. Bc4 Rb8 20. Rab1 Bh6 21. Bc1 Rc5 22. Ne6 fxe6 23. Bxe6+ Kg7 24. Bxh6+ Kxh6 25. Qd2+ g5 26. h4 Nb6 27. hxg5+ Qxg5 28. f4 Qg3 29. Rf1 Rxc3 30. Rbe1 Rd3 31. Qb2 Rf8 32. f5 Qg5 33. Rf2 Re3 34. Rxe3 Qxe3 35. g4 Bxe4 36. Kf1 Bd3+ 37. Kg2 Nxa4 38. Qa1 Be4+ 39. Kf1 Qd3+ 40. Ke1 Qc3+ 41. Qxc3 Nxc3 42. Rh2+ Kg5 43. Rxh7 Kxg4 44. Rxc7 Nb5 45. Rc4 Kf3 46. Ra4 Bxf5 47. Bd5+ Ke3 48. Rxa5 Bd3 49. Bg2 Rf2 50. Bh3 Re2+ 51. Kd1 Nc3+ 52. Kc1 Rc2# 0-1

[Event "USA-ch U16 blitz"]
[Site "Manchester"]
[Date "2017.08.17"]
[Round "9"]
[White "Kim, Yoon Young"]
[Black "Nguyen, Trung"]
[Result "1/2-1/2"]
[WhiteElo "2293"]
[BlackElo "2181"]
[PlyCount "89"]
[EventDate "2017.08.17"]
[EventType "tourn (blitz)"]
[EventRounds "9"]
[EventCountry "USA"]
[SourceTitle "CBM 180 Extra"]
[Source "ChessBase"]
[SourceDate "2017.10.06"]
[SourceVersion "1"]
[SourceVersionDate "2017.10.06"]
[SourceQuality "1"]

1. d4 d6 2. Nf3 g6 3. c4 Bg7 4. Nc3 Nd7 5. Bg5 h6 6. Bh4 Ngf6 7. e3 g5 8. Bg3 Nh5 9. Qc2 c6 10. Be2 a6 11. a3 Rb8 12. Rc1 Nf8 13. Nd2 Nxg3 14. hxg3 Bd7 15. b4 Nh7 16. 0-0 0-0 17. Rfd1 Qc7 18. Bd3 Nf6 19. Bf5 e6 20. Bd3 Qd8 21. Nde4 Nxe4 22. Nxe4 Qe7 23. c5 d5 24. Nd6 f5 25. f4 Rf6 26. a4 Bf8 27. b5 axb5 28. axb5 Qd8 29. bxc6 bxc6 30. Rb1 Bxd6 31. cxd6 Rf8 32. Qc5 Rxb1 33. Rxb1 Qa8 34. Qb6 Qa3 35. Ba6 Qxd6 36. Qa7 gxf4 37. Rb7 Rf7 38. gxf4 Be8 39. Qa8 Rf8 40. Qa7 Bf7 41. Rc7 Qa3 42. Qb6 Qxe3+ 43. Kh1 Qe1+ 44. Kh2 Qh4+ 45. Kg1 1/2-1/2

[Event "USA-ch U16"]
[Site "Manchester"]
[Date "2017.08.17"]
[Round "1"]
[White "Lu, Albert"]
[Black "Nguyen, Trung"]
[Result "0-1"]
[WhiteElo "2323"]
[BlackElo "2181"]
[PlyCount "75"]
[EventDate "2017.08.17"]
[EventType "tourn"]
[EventRounds "9"]
[EventCountry "USA"]
[SourceTitle "CBM 180 Extra"]
[Source "ChessBase"]
[SourceDate "2017.10.06"]
[SourceVersion "1"]
[SourceVersionDate "2017.10.06"]
[SourceQuality "1"]

1. d4 d6 2. c4 e5 3. Nf3 e4 4. Nfd2 f5 5. e3 c5 6. Nb3 Nd7 7. Nc3 Ngf6 8. a4 a5 9. Nb5 Ra6 10. Bd2 Be7 11. Bc3 0-0 12. Qc2 b6 13. dxc5 dxc5 14. 0-0-0 Bb7 15. Be5 Ne8 16. Be2 Qc8 17. Bc3 Nb8 18. f4 Nc6 19. h3 Nb4 20. Bxb4 axb4 21. Nd2 g6 22. b3 Qe6 23. g4 Bf6 24. Kb1 Bg7 25. Nf1 g5 26. fxg5 f4 27. exf4 e3 28. Rh2 Rxf4 29. Bd3 Qe5 30. Ka2 Rf3 31. Re1 Ra8 32. Rhe2 Rd8 33. Bxh7+ Kh8 34. Nxe3 Qxg5 35. Nf5 Be4 36. Qc1 Qxc1 37. Rxc1 Bd3 38. Rd1 0-1

[Event "World op 45th"]
[Site "Philadelphia"]
[Date "2017.07.01"]
[Round "3"]
[White "Nguyen, Trung"]
[Black "Colas, Joshua"]
[Result "1-0"]
[WhiteElo "2132"]
[BlackElo "2369"]
[PlyCount "59"]
[EventDate "2017.06.29"]
[EventType "swiss"]
[EventRounds "9"]
[EventCountry "USA"]
[SourceTitle "CBM 179 Extra"]
[Source "ChessBase"]
[SourceDate "2017.08.23"]
[SourceVersion "1"]
[SourceVersionDate "2017.08.23"]
[SourceQuality "1"]

1. d4 Nf6 2. c4 e6 3. Nf3 d5 4. g3 Bb4+ 5. Bd2 Be7 6. Bg2 0-0 7. Qc2 c6 8. 0-0 b6 9. Bf4 a5 10. Ne5 Bb7 11. Rd1 Na6 12. a3 Rc8 13. Nc3 dxc4 14. Nxc4 Nd5 15. Bd2 c5 16. dxc5 Nxc5 17. Be1 Na6 18. Qb3 Nc5 19. Qc2 Qc7 20. Nxd5 exd5 21. Ne3 d4 22. Rxd4 Bxg2 23. Kxg2 Qb7+ 24. Kg1 a4 25. Rad1 Ne6 26. Qe4 Qa6 27. Rxa4 Qxe2 28. Nf5 Qxd1 29. Nxe7+ Kh8 30. Qxh7+ 1-0

[Event "Philadelphia int op 11th"]
[Site "Philadelphia"]
[Date "2017.06.24"]
[Round "2"]
[White "Zhu, Evelyn"]
[Black "Nguyen, Trung"]
[Result "0-1"]
[WhiteElo "1754"]
[BlackElo "2132"]
[PlyCount "60"]
[EventDate "2017.06.24"]
[EventType "swiss"]
[EventRounds "9"]
[EventCountry "USA"]
[SourceTitle "CBM 179 Extra"]
[Source "ChessBase"]
[SourceDate "2017.08.23"]
[SourceVersion "1"]
[SourceVersionDate "2017.08.23"]
[SourceQuality "1"]

1. d4 g6 2. c4 Bg7 3. Nc3 d6 4. e4 Nf6 5. f3 0-0 6. Be3 a6 7. Qd2 Nbd7 8. Nge2 c5 9. d5 Ne5 10. Ng3 h5 11. Be2 b5 12. cxb5 axb5 13. Nxb5 h4 14. Nf1 Ba6 15. h3 Qb6 16. a4 Bxb5 17. Bxb5 Qxb5 18. axb5 Rxa1+ 19. Ke2 Nc4 20. Qc2 Nxe3 21. Kxe3 Nd7 22. b3 Bd4+ 23. Kf4 Kg7 24. g3 Re1 25. gxh4 Be5+ 26. Kg5 f6+ 27. Kg4 f5+ 28. Kg5 Rh8 29. exf5 Rh5+ 30. Kg4 Nf6# 0-1

[Event "Philadelphia op 11th"]
[Site "Philadelphia"]
[Date "2017.04.14"]
[Round "4"]
[White "Nguyen, Trung"]
[Black "Li, Ben"]
[Result "0-1"]
[WhiteElo "2013"]
[BlackElo "2230"]
[PlyCount "98"]
[EventDate "2017.04.12"]
[EventType "swiss"]
[EventRounds "9"]
[EventCountry "USA"]
[SourceTitle "EXT 2018"]
[Source "ChessBase"]
[SourceDate "2017.10.13"]
[SourceVersion "1"]
[SourceVersionDate "2017.10.13"]
[SourceQuality "1"]

1. d4 d5 2. c4 e6 3. Nf3 Nf6 4. g3 dxc4 5. Bg2 Bd7 6. Ne5 Bc6 7. Nxc6 Nxc6 8. 0-0 Qd7 9. e3 Rb8 10. a4 Na5 11. Nd2 c5 12. dxc5 Bxc5 13. Qe2 b5 14. axb5 Qxb5 15. b3 Nxb3 16. Rb1 0-0 17. Qxc4 Qxc4 18. Nxc4 a5 19. Ba3 Bxa3 20. Nxa3 Rfd8 21. Rfd1 Rxd1+ 22. Rxd1 Kf8 23. Rb1 Nd7 24. Nc4 a4 25. Bc6 Nbc5 26. Rxb8+ Nxb8 27. Bb5 Ke7 28. Kf1 Kd8 29. Ke2 Kc7 30. f3 Nc6 31. Bxc6 Kxc6 32. Kd2 f6 33. Kc3 Na6 34. Na5+ Kb6 35. Nc4+ Kc5 36. Nd2 f5 37. Nc4 Nc7 38. Nb2 Nd5+ 39. Kd2 a3 40. Nd3+ Kc4 41. Nc1 Nb4 42. f4 g6 43. e4 fxe4 44. g4 Nd5 45. Na2 Nxf4 46. Kc2 e3 47. h4 e2 48. Kd2 Kb3 49. Nc1+ Kb2 0-1

[Event "Philadelphia op 11th"]
[Site "Philadelphia"]
[Date "2017.04.13"]
[Round "3"]
[White "Tanenbaum, Zachary Chen"]
[Black "Nguyen, Trung"]
[Result "0-1"]
[WhiteElo "2122"]
[BlackElo "2013"]
[PlyCount "68"]
[EventDate "2017.04.12"]
[EventType "swiss"]
[EventRounds "9"]
[EventCountry "USA"]
[SourceTitle "CBM 177 Extra"]
[Source "ChessBase"]
[SourceDate "2017.04.27"]
[SourceVersion "1"]
[SourceVersionDate "2017.04.27"]
[SourceQuality "1"]

1. e4 g6 2. d4 Bg7 3. Nc3 d6 4. Nf3 a6 5. Bc4 e6 6. Bf4 Nd7 7. a4 b6 8. Qd2 h6 9. h3 Bb7 10. 0-0 Ne7 11. Rfe1 g5 12. Bg3 Ng6 13. Rad1 0-0 14. Qe3 Kh8 15. e5 Bxf3 16. Qxf3 dxe5 17. d5 e4 18. Nxe4 e5 19. d6 f5 20. dxc7 Qxc7 21. Nd6 f4 22. Bh2 Nf6 23. Qd3 e4 24. Rxe4 Nxe4 25. Qxe4 Rad8 26. Qxg6 Qxc4 27. Rd3 Qc7 28. Kh1 Rd7 29. h4 gxh4 30. c3 Qd8 31. Nb7 Qe7 32. Rxd7 Qxd7 33. Qxb6 Rb8 34. Bxf4 Rxb7 0-1

[Event "Eastern op 43rd"]
[Site "Bethesda"]
[Date "2016.12.28"]
[Round "2"]
[White "Nguyen, Trung"]
[Black "Beckman, Thomas J"]
[Result "1-0"]
[WhiteElo "2043"]
[BlackElo "1963"]
[PlyCount "73"]
[EventDate "2016.12.27"]
[EventType "swiss"]
[EventRounds "7"]
[EventCountry "USA"]
[SourceTitle "CBM 176 Extra"]
[Source "ChessBase"]
[SourceDate "2017.03.02"]
[SourceVersion "1"]
[SourceVersionDate "2017.03.02"]
[SourceQuality "1"]

1. d4 Nf6 2. c4 e6 3. Nf3 d5 4. g3 Bb4+ 5. Bd2 Be7 6. Bg2 0-0 7. Qc2 c6 8. 0-0 b6 9. b3 Bb7 10. Bc3 Ne4 11. Bb2 Nd7 12. Nbd2 f5 13. Rad1 Rc8 14. Ne5 Nxe5 15. dxe5 Nxd2 16. Rxd2 Qe8 17. f3 Bc5+ 18. Bd4 Bxd4+ 19. Rxd4 c5 20. Rd3 f4 21. cxd5 exd5 22. gxf4 Rxf4 23. e3 Rh4 24. f4 Rd8 25. Rfd1 Qg6 26. Qf2 d4 27. Kh1 Bxg2+ 28. Qxg2 Rg4 29. Qf3 Rg1+ 30. Rxg1 Qxd3 31. Rd1 Qc3 32. e6 g6 33. f5 gxf5 34. Qxf5 d3 35. Rg1+ Kh8 36. e7 Rg8 37. Rxg8+ 1-0

[Event "Windsor NAYCC U18"]
[Site "Windsor"]
[Date "2016.08.09"]
[Round "4.14"]
[White "Karamsetty, Jeevan"]
[Black "Nguyen, Trung"]
[Result "1-0"]
[WhiteElo "2091"]
[BlackElo "2153"]
[PlyCount "95"]
[EventDate "2016.08.07"]
[EventType "swiss"]
[EventRounds "9"]
[EventCountry "CAN"]
[SourceTitle "EXT 2022"]
[Source "ChessBase"]
[SourceDate "2021.10.06"]
[SourceVersion "1"]
[SourceVersionDate "2021.10.06"]
[SourceQuality "1"]

1. e4 g6 2. d4 Bg7 3. Nf3 d6 4. c3 Nf6 5. Bd3 Nc6 6. h3 0-0 7. 0-0 e5 8. dxe5 Nxe5 9. Bc2 Nxf3+ 10. Qxf3 Nd7 11. Qg3 a5 12. a4 Nc5 13. Be3 f5 14. Nd2 Qe7 15. Bxc5 dxc5 16. f4 fxe4 17. Rae1 Bf5 18. Qe3 Rae8 19. g4 Bd7 20. Bxe4 Kh8 21. Qf2 Qd8 22. Ra1 b6 23. Qg2 Bc8 24. Rad1 Bd7 25. Bc2 Qe7 26. Rf2 Rf6 27. Nf1 Bc6 28. Qg3 Re6 29. g5 c4 30. f5 gxf5 31. Bxf5 Re5 32. Qg4 Be4 33. Ng3 Bxf5 34. Nxf5 Re1+ 35. Kg2 Qe4+ 36. Qxe4 R1xe4 37. Rd7 Bf8 38. Ng3 R4e5 39. h4 Bc5 40. Rf4 Bd6 41. Rxc4 b5 42. Rg4 bxa4 43. Rxa4 Rb5 44. Ne4 Rxb2+ 45. Kh3 Be5 46. Rxa5 Bg7 47. Rxc7 Rxe4 48. Ra8+ 1-0

[Event "Windsor NAYCC U18"]
[Site "Windsor"]
[Date "2016.08.07"]
[Round "1.6"]
[White "Nguyen, Trung"]
[Black "Li, Ben"]
[Result "1/2-1/2"]
[WhiteElo "2153"]
[BlackElo "2319"]
[PlyCount "74"]
[EventDate "2016.08.07"]
[EventType "swiss"]
[EventRounds "9"]
[EventCountry "CAN"]
[SourceTitle "EXT 2022"]
[Source "ChessBase"]
[SourceDate "2021.10.06"]
[SourceVersion "1"]
[SourceVersionDate "2021.10.06"]
[SourceQuality "1"]

1. d4 d5 2. c4 e6 3. Nf3 Nf6 4. g3 Be7 5. Bg2 0-0 6. 0-0 b6 7. Nc3 Bb7 8. Ne5 Nbd7 9. Qa4 c6 10. Nxc6 Bxc6 11. Qxc6 Rc8 12. Qa4 Rxc4 13. Qxa7 Qc8 14. Bd2 Rxd4 15. Bf4 Rc4 16. Rac1 Qc6 17. e4 dxe4 18. Nxe4 Nxe4 19. Rxc4 Qxc4 20. Qxd7 Bc5 21. Bxe4 Qxe4 22. Qd2 Qa8 23. a3 h5 24. Be3 Rd8 25. Qe2 Bxe3 26. Qxe3 Qb7 27. Qe2 h4 28. Rd1 Rc8 29. Qg4 hxg3 30. hxg3 Qc6 31. Qd4 b5 32. Rd3 Qc1+ 33. Kg2 Qg5 34. Rc3 Rd8 35. Qe3 Qd5+ 36. Qf3 Qe5 37. Qe3 Qd5+ 1/2-1/2

[Event "Eastern op 42nd"]
[Site "Bethesda"]
[Date "2015.12.27"]
[Round "2"]
[White "Colding, Ernest"]
[Black "Nguyen, Trung"]
[Result "1-0"]
[WhiteElo "2126"]
[BlackElo "1990"]
[PlyCount "65"]
[EventDate "2015.12.26"]
[EventType "swiss"]
[EventRounds "7"]
[EventCountry "USA"]
[SourceTitle "CBM 170 Extra"]
[Source "ChessBase"]
[SourceDate "2016.02.25"]
[SourceVersion "1"]
[SourceVersionDate "2016.02.25"]
[SourceQuality "1"]

1. e4 g6 2. d4 Bg7 3. Nf3 d6 4. Be2 a6 5. 0-0 b5 6. Re1 Bb7 7. Bd3 Nd7 8. Qe2 c5 9. c3 cxd4 10. cxd4 e5 11. a4 b4 12. Nbd2 a5 13. Bb5 Qc7 14. dxe5 dxe5 15. Nc4 Ba6 16. Rd1 Bxb5 17. axb5 Bf8 18. Rxd7 Kxd7 19. Nfxe5+ Ke8 20. Bf4 Bh6 21. b6 Qc5 22. b7 Rd8 23. Rxa5 Qc7 24. Ra8 Bxf4 25. Rxd8+ Qxd8 26. Nc6 Qd7 27. e5 Qxc6 28. b8Q+ Ke7 29. Qd3 h5 30. g3 Bh6 31. Qxb4+ Ke8 32. Nd6+ Kf8 33. Nf5+ 1-0

[Event "Arlington DC op 2nd"]
[Site "Arlington"]
[Date "2014.06.29"]
[Round "7"]
[White "Lopez Ramirez, Jorge Hernan"]
[Black "Nguyen, Trung"]
[Result "1-0"]
[WhiteElo "2042"]
[BlackElo "1941"]
[PlyCount "101"]
[EventDate "2014.06.26"]
[EventType "swiss"]
[EventRounds "9"]
[EventCountry "USA"]
[SourceTitle "CBM 161 Extra"]
[Source "ChessBase"]
[SourceDate "2014.08.29"]
[SourceVersion "1"]
[SourceVersionDate "2014.08.29"]
[SourceQuality "1"]

1. e4 c5 2. c3 Nf6 3. e5 Nd5 4. d4 cxd4 5. Nf3 Nc6 6. Bc4 Nb6 7. Bb3 e6 8. 0-0 d6 9. cxd4 Be7 10. Nc3 0-0 11. Bf4 dxe5 12. dxe5 Nb4 13. Bg3 Bd7 14. a3 Na6 15. Qe2 Nc5 16. Bc2 Bc6 17. Rad1 Nd5 18. Nxd5 Bxd5 19. b4 Nd7 20. Rfe1 Rc8 21. Bb1 Rc3 22. Rxd5 exd5 23. e6 fxe6 24. Qxe6+ Kh8 25. Qxe7 Qxe7 26. Rxe7 Rc1+ 27. Re1 Rfc8 28. Bf5 Rxe1+ 29. Nxe1 Rc1 30. Kf1 Nb6 31. Ke2 Nc4 32. Nc2 Rb1 33. Be6 Rb2 34. Kd3 Rb3+ 35. Kd4 Nxa3 36. Nxa3 Rxa3 37. Bxd5 b6 38. h4 a5 39. b5 Ra1 40. h5 Rh1 41. Bc7 Rh4+ 42. f4 a4 43. Bxb6 Rxf4+ 44. Kc3 a3 45. Kb3 Rf8 46. h6 a2 47. Bd4 a1N+ 48. Kb2 Rg8 49. Bxg7+ Rxg7 50. hxg7+ Kxg7 51. b6 1-0